000 00293nam a22001337a 4500
008 170602b xxu||||| |||| 00| 0 eng d
020 _a9780312387938
041 _aeng
080 _a94(7/8)
100 _a17
101 _aSHH
245 _aAMERICAN HISTORY
_cHENRETA.J.A
942 _2udc
_cBK
999 _c15801
_d15801